000 01150nam a2200217Ia 4500
003 OSt
005 20210423100315.0
008 210310s2007 ck gr 000 0 spa d
040 _aCO-JMCR
_cCO-JMCR
041 0 _aspa
082 0 4 _223
_a350.87 /
_bA723m
100 1 _aAtehortúa Ríos, Carlos Alberto,
_eautor
_925871
245 1 0 _aMutaciones y transfiguraciones en el sector de los servicios públicos domiciliarios /
_cCaros Alberto Atehortúa Ríos
260 _aBogotá :
_bAndesco,
_c2007.
300 _a109 páginas ;
_c28 cm
500 _aIncluye notas a pie de página.
505 0 _aAnotaciones preliminares -- El modelo jurídico colombiano es de derecho positivo -- El modelo constitucional en materias de servicios públicos domiciliarios. -- La especialidad del régimen de los servicios públicos se origina en la Constitución y se desarrolla en la ley. -- Mutaciones y trasfiguraciones al régimen vigente. -- Justificación de la construcción de un régimen especial para los servicios públicos.
650 1 4 _aModelo jurídico colombiano.
_925873
650 2 4 _aModelo constitucional colombiano.
_937079
942 _2ddc
_cBK
999 _c11568
_d11568